[Event "GER-ch U12"]
[Site "Magdeburg"]
[Date "2014.06.13"]
[Round "9"]
[White "Muetsch, Annmarie"]
[Black "Staufenberger, Philipp"]
[Result "1/2-1/2"]
[WhiteElo "1686"]
[BlackElo "1507"]
[PlyCount "98"]
[EventDate "2014.06.08"]
[EventType "swiss"]
[EventRounds "11"]
[EventCountry "GER"]
[SourceTitle "CBM 160 Extra"]
[Source "ChessBase"]
[SourceDate "2014.07.01"]
[SourceVersion "1"]
[SourceVersionDate "2014.07.01"]
[SourceQuality "1"]

1. d4 d5 2. c4 e6 3. Nc3 Nf6 4. e3 c5 5. Nf3 Nc6 6. Be2 cxd4 7. exd4 dxc4 8. Bxc4 Bb4 9. 0-0 0-0 10. Bg5 Be7 11. Rc1 Nd5 12. Bxd5 Bxg5 13. Nxg5 exd5 14. Qh5 h6 15. Nf3 Be6 16. Na4 Qf6 17. Rfd1 Bf5 18. h3 b6 19. b3 Rac8 20. Qh4 Qxh4 21. Nxh4 Be6 22. Nf3 Kh7 23. Kh2 Ne7 24. Nh4 g5 25. Nf3 f6 26. Rxc8 Rxc8 27. Rd2 Kg6 28. g4 Rc6 29. Re2 Kf7 30. Nb2 Nc8 31. Nd3 Rc3 32. Nde1 Nd6 33. Rc2 Rxc2 34. Nxc2 Ne4 35. Kg2 Ke7 36. Kf1 h5 37. Nh2 Kd6 38. Ke1 Kc6 39. f3 Ng3 40. Kf2 h4 41. a4 a5 42. Na3 Bc8 43. Nb5 Ba6 44. Na7+ Kb7 45. Nb5 Kc6 46. Na7+ Kc7 47. Nb5+ Kd7 48. Ke1 f5 49. Kf2 f4 1/2-1/2

[Event "GER-ch U12"]
[Site "Magdeburg"]
[Date "2014.06.09"]
[Round "4"]
[White "Staufenberger, Philipp"]
[Black "Flach, Helene"]
[Result "1-0"]
[WhiteElo "1507"]
[BlackElo "1375"]
[PlyCount "47"]
[EventDate "2014.06.08"]
[EventType "swiss"]
[EventRounds "11"]
[EventCountry "GER"]
[SourceTitle "CBM 160 Extra"]
[Source "ChessBase"]
[SourceDate "2014.07.01"]
[SourceVersion "1"]
[SourceVersionDate "2014.07.01"]
[SourceQuality "1"]

1. d4 d5 2. Nf3 c5 3. e3 e6 4. b3 Nc6 5. Bd3 Nf6 6. Nbd2 Be7 7. Bb2 0-0 8. 0-0 Qc7 9. a3 a6 10. Ne5 b5 11. c4 bxc4 12. bxc4 Nxe5 13. dxe5 Nd7 14. f4 Qc6 15. Rf3 f6 16. Rh3 f5 17. Qh5 h6 18. Qg6 Kh8 19. cxd5 Qxd5 20. Bc4 Qxd2 21. Bxe6 Nf6 22. exf6 Rxf6 23. Rxh6+ gxh6 24. Qg8# 1-0

[Event "GER-ch U10"]
[Site "Oberhof"]
[Date "2012.05.30"]
[Round "7"]
[White "Staufenberger, Philipp"]
[Black "Kopylov, Daniel"]
[Result "0-1"]
[WhiteElo "1234"]
[BlackElo "1623"]
[PlyCount "126"]
[EventDate "2012.05.27"]
[EventType "swiss"]
[EventRounds "11"]
[EventCountry "GER"]
[SourceTitle "CBM 148 Extra"]
[Source "ChessBase"]
[SourceDate "2012.06.22"]
[SourceVersion "1"]
[SourceVersionDate "2012.06.22"]
[SourceQuality "1"]

1. e4 c5 2. c3 Nf6 3. e5 Nd5 4. d4 cxd4 5. Nf3 Nc6 6. Bc4 Nb6 7. Bb3 d6 8. exd6 e6 9. cxd4 Bxd6 10. Nc3 0-0 11. 0-0 Qf6 12. Ne4 Qe7 13. Nxd6 Qxd6 14. Re1 Bd7 15. Ng5 Qxd4 16. Qh5 h6 17. Re3 Nd5 18. Rh3 Nf6 19. Nf3 Nxh5 20. Nxd4 Nxd4 21. Rxh5 Nxb3 22. axb3 Rac8 23. Be3 a6 24. Rd1 Bb5 25. Rd4 Rc2 26. h3 Rxb2 27. Rb4 Be2 28. Rc5 b5 29. Bd4 Rb1+ 30. Kh2 a5 31. Rbxb5 Bxb5 32. Rxb5 Rd8 33. Bb6 Rb8 34. Kg3 a4 35. bxa4 Rxb5 36. axb5 Rxb6 37. f4 Rxb5 38. Kh4 g5+ 39. fxg5 hxg5+ 40. Kh5 Kg7 41. g4 f6 42. h4 gxh4+ 43. Kxh4 e5 44. Kg3 e4 45. Kf4 Re5 46. g5 fxg5+ 47. Kxe5 e3 48. Kd5 e2 49. Kd4 e1Q 50. Kd5 Kf6 51. Kd4 Qe2 52. Kd5 Qe3 53. Kd6 Qe5+ 54. Kc6 Qd4 55. Kc7 Qd5 56. Kb6 Qc4 57. Kb7 Qc5 58. Ka6 Qb4 59. Ka7 Qb5 60. Ka8 Ke7 61. Ka7 Kd7 62. Ka8 Kc7 63. Ka7 Qa5# 0-1

[Event "GER-ch U10"]
[Site "Oberhof"]
[Date "2011.06.17"]
[Round "10"]
[White "Staufenberger, Philipp"]
[Black "Koenze, Heike"]
[Result "1-0"]
[WhiteElo "1033"]
[BlackElo "1093"]
[PlyCount "119"]
[EventDate "2011.06.11"]
[EventType "swiss"]
[EventRounds "11"]
[EventCountry "GER"]
[SourceTitle "CBM 142 Extra"]
[Source "ChessBase"]
[SourceDate "2011.06.27"]
[SourceVersion "1"]
[SourceVersionDate "2011.06.27"]
[SourceQuality "1"]

1. e4 c5 2. c3 d5 3. exd5 Qxd5 4. d4 Nc6 5. Nf3 Bg4 6. Be2 Nf6 7. Be3 e6 8. 0-0 Bd6 9. Qd2 Qh5 10. Bf4 Bxf4 11. Qxf4 Nd5 12. Qd2 Nf6 13. Qd3 Rd8 14. Qe3 b6 15. Bb5 Rc8 16. Nbd2 0-0 17. Qg5 Rfd8 18. Qxh5 Bxh5 19. dxc5 bxc5 20. Nb3 Bxf3 21. gxf3 Rd5 22. Rad1 Rg5+ 23. Kh1 Ne5 24. f4 Rh5 25. fxe5 Ng4 26. Kg2 Rxh2+ 27. Kg3 h5 28. f3 g5 29. fxg4 Rh4 30. gxh5 Kg7 31. Rh1 Rf4 32. h6+ Kh7 33. Bd3+ Kh8 34. h7 c4 35. Bc2 cxb3 36. Bxb3 Re8 37. Rdf1 Rxf1 38. Rxf1 Kxh7 39. Rxf7+ Kg8 40. Rxa7 Kh8 41. Ra6 Rg8 42. Rxe6 Rg7 43. Rh6+ Rh7 44. Rxh7+ Kxh7 45. e6 Kg6 46. e7 Kf5 47. e8Q g4 48. Qg8 Ke5 49. Qxg4 Kd6 50. Qe4 Kd7 51. Qg6 Ke7 52. Kf4 Kd7 53. Ke5 Kc7 54. Qd6+ Kb7 55. Kd5 Ka7 56. Bc4 Kb7 57. Qc5 Kb8 58. Kd6 Ka8 59. Bd5+ Kb8 60. Qc7# 1-0

[Event "GER-ch U10"]
[Site "Oberhof"]
[Date "2011.06.13"]
[Round "3"]
[White "Rockmann, Jan Okke"]
[Black "Staufenberger, Philipp"]
[Result "1-0"]
[WhiteElo "1294"]
[BlackElo "1033"]
[PlyCount "49"]
[EventDate "2011.06.11"]
[EventType "swiss"]
[EventRounds "11"]
[EventCountry "GER"]
[SourceTitle "CBM 142 Extra"]
[Source "ChessBase"]
[SourceDate "2011.06.27"]
[SourceVersion "1"]
[SourceVersionDate "2011.06.27"]
[SourceQuality "1"]

1. d4 e6 2. c4 d5 3. Nc3 Nf6 4. Nf3 Bb4 5. a3 Bxc3+ 6. bxc3 dxc4 7. e3 Ne4 8. Qc2 Nd6 9. e4 b5 10. a4 c6 11. Ba3 bxa4 12. e5 Nf5 13. Bxc4 f6 14. 0-0 Ba6 15. Qxa4 Bxc4 16. Qxc4 Qd5 17. Qb4 Na6 18. Qb7 c5 19. Qxa6 cxd4 20. cxd4 Nxd4 21. Nxd4 Qxd4 22. Qxe6+ Kd8 23. Rad1 Qxd1 24. Rxd1+ Kc7 25. Rd7+ 1-0

[Event "GER-ch U10"]
[Site "Oberhof"]
[Date "2011.06.13"]
[Round "4"]
[White "Staufenberger, Philipp"]
[Black "Silber, Kevin"]
[Result "0-1"]
[WhiteElo "1033"]
[BlackElo "1341"]
[PlyCount "112"]
[EventDate "2011.06.11"]
[EventType "swiss"]
[EventRounds "11"]
[EventCountry "GER"]
[SourceTitle "CBM 142 Extra"]
[Source "ChessBase"]
[SourceDate "2011.06.27"]
[SourceVersion "1"]
[SourceVersionDate "2011.06.27"]
[SourceQuality "1"]

1. e4 c6 2. d4 d5 3. exd5 cxd5 4. Bd3 Nc6 5. c3 Nf6 6. Bf4 e6 7. Nf3 Bd6 8. Ne5 Bd7 9. Nd2 Qc7 10. Qe2 Bxe5 11. Bxe5 Nxe5 12. dxe5 Ng8 13. c4 dxc4 14. Nxc4 Nh6 15. Nd6+ Ke7 16. Qc2 Qxc2 17. Bxc2 Bc6 18. 0-0 g6 19. Rad1 Rhg8 20. Ne4 Ng4 21. Rfe1 Nxe5 22. Ng5 Nc4 23. Rd4 h6 24. Ne4 Nb6 25. Nd6 Rad8 26. Red1 Bd5 27. Nb5 a6 28. Nc7 Bc6 29. Rb4 Rxd1+ 30. Bxd1 Nd5 31. Nxd5+ exd5 32. Bb3 Kd6 33. Kf1 Re8 34. Rb6 Kc7 35. Rb4 Bb5+ 36. Rxb5 axb5 37. Bxd5 Re7 38. g3 Kd6 39. Bb3 f5 40. f4 Kc5 41. Bc2 Kd4 42. Kf2 b4 43. Kf3 b5 44. g4 Re3+ 45. Kf2 fxg4 46. Bxg6 Rf3+ 47. Kg2 Rxf4 48. Bh5 Ke3 49. Kg3 Rf2 50. Bxg4 Rxb2 51. Bd7 Rxa2 52. Bxb5 Rd2 53. Ba4 Kd3 54. h4 Kc3 55. Kg4 Rd5 56. Kf4 b3 0-1

[Event "GER-ch U10"]
[Site "Oberhof"]
[Date "2011.06.12"]
[Round "2"]
[White "Staufenberger, Philipp"]
[Black "Cejda, Cecilia"]
[Result "1-0"]
[WhiteElo "1033"]
[BlackElo "1130"]
[PlyCount "85"]
[EventDate "2011.06.11"]
[EventType "swiss"]
[EventRounds "11"]
[EventCountry "GER"]
[SourceTitle "CBM 142 Extra"]
[Source "ChessBase"]
[SourceDate "2011.06.27"]
[SourceVersion "1"]
[SourceVersionDate "2011.06.27"]
[SourceQuality "1"]

1. e4 e5 2. Nf3 Nf6 3. Nc3 Nc6 4. d4 Bb4 5. dxe5 Nxe4 6. Bd2 Nxd2 7. Qxd2 d5 8. 0-0-0 Bg4 9. Bb5 Be7 10. Qxd5 Qxd5 11. Nxd5 Bg5+ 12. Nxg5 0-0 13. f3 Be6 14. Nxc7 Rac8 15. Ncxe6 fxe6 16. Nxe6 Rfe8 17. Nd4 Rxe5 18. Nxc6 bxc6 19. Bc4+ Kf8 20. Rhe1 Rce8 21. Rxe5 Rxe5 22. Rd8+ Ke7 23. Rh8 Re1+ 24. Kd2 h6 25. Kxe1 a5 26. Rh7 a4 27. Rxg7+ Kf6 28. Rh7 a3 29. bxa3 c5 30. a4 h5 31. a5 h4 32. g3 hxg3 33. hxg3 Ke5 34. a6 Kd4 35. a7 Kxc4 36. a8Q Kb5 37. Qc8 Kc4 38. c3 Kxc3 39. Qxc5+ Kb2 40. Rb7+ Ka1 41. Qc1+ Kxa2 42. Qc6 Ka3 43. Qa6# 1-0